000 00285nam a22001097a 4500
999 _c168073
_d168073
082 _a
_b
100 _aBadrinath Kapoor
245 _aVakya sanrachana aur vishleshan:
_bnaye pratiman/
_cby Badrinath Kapoor.
260 _aNew Delhi:
_bRadhakrishnan,
_c2008.
650 _a
942 _cBK